| Поле | Инд. | ПП | Название | Значение |
|---|---|---|---|---|
| Тип записи | a | |||
| Библиографический уровень | b | |||
| 001 | Контрольный номер | bioc10_to36_no4_ss556_ad1 | ||
| 005 | Дата корректировки | 20140227172928.3 | ||
| 008 | Кодируемые данные | 110321s2010||||RU|||||||||||#||||# rus0| | ||
| 035 | a | Системный контрольный номер | RUMARS-bioc10_to36_no4_ss556_ad1 | |
| 2 | AR-MARS | |||
| 040 | a | Служба первич. каталог. | Научная библиотека Дагестанского государственного университета | |
| b | Код языка каталог. | rus | ||
| 041 | 0_ | a | Код языка текста | rus |
| h | Код языка оригинала | rus | ||
| 080 | a | Индекс УДК | 547 | |
| 080 | a | Индекс УДК | 578 | |
| 084 | a | Индекс другой классификации/Индекс ББК | 24.23 | |
| v | Таблицы для массовых библиотек | |||
| 084 | a | Индекс другой классификации/Индекс ББК | 28.31 | |
| v | Таблицы для массовых библиотек | |||
| 100 | 1_ | a | Автор | Галайко Н. В. |
| u | Место работы, адрес | Институт технической химии Уральского отделения РАН, Пермь | ||
| 4 | Код отношения | 070 | ||
| 245 | 10 | a | Заглавие | Противовирусная активность лупановых и 19бета, 28-эпокси-18альфа-олеанановых 2, 3-секотритерпеновых гидразонов |
| h | Физич. носитель | [Текст] | ||
| c | Ответственность | Н. В. Галайко [и др. ] | ||
| 300 | b | Иллюстрации/ тип воспроизводства | Схем. 1, табл. 3 | |
| 504 | a | Библиография | Библиогр.: с. 561 (22 назв. ) | |
| 520 | a | Аннотация | Взаимодействием 2, 3-секотритерпеновых альдегидонитрилов с замещенными гидразинами синтезированы новые гидразоны лупанового и 19бета, 28-эпокси-18альфа-олеананового типа. Противовирусная активность 2, 3-секотритерпеновых гидразонов в отношении вируса везикулярного стоматита штамм <Индиана> (ВВС) изучена на двух моделях инфицирования клеток млекопитающих. | |
| 650 | _4 | a | Основная рубрика | Химия |
| 2 | Источник рубрики | AR-MARS | ||
| 650 | _4 | a | Основная рубрика | Органические соединения |
| 2 | Источник рубрики | AR-MARS | ||
| 650 | _4 | a | Основная рубрика | Биология |
| 2 | Источник рубрики | AR-MARS | ||
| 650 | _4 | a | Основная рубрика | Частная вирусология |
| 2 | Источник рубрики | AR-MARS | ||
| 653 | 0_ | a | Ключевые слова | 2, 3-секотритерпеноиды |
| 653 | 0_ | a | Ключевые слова | бетулоновая кислота |
| 653 | 0_ | a | Ключевые слова | аллобетулон |
| 653 | 0_ | a | Ключевые слова | гидразоны |
| 653 | 0_ | a | Ключевые слова | ацилгидразоны |
| 653 | 0_ | a | Ключевые слова | противовирусная активность |
| 653 | 0_ | a | Ключевые слова | вирус стоматита штамм <Индиана> |
| 653 | 0_ | a | Ключевые слова | стоматит штамм <Индиана> |
| 653 | 0_ | a | Ключевые слова | вирусы |
| 653 | 0_ | a | Ключевые слова | везикулярный стоматит |
| 700 | 1_ | a | Другие авторы | Толмачева И. А. |
| u | Дополнение | Институт технической химии Уральского отделения РАН, Пермь | ||
| 4 | Код отношения | 070 | ||
| 700 | 1_ | a | Другие авторы | Гришко В. В. |
| u | Дополнение | Институт технической химии Уральского отделения РАН, Пермь | ||
| 4 | Код отношения | 070 | ||
| 700 | 1_ | a | Другие авторы | Волкова Л. В. |
| u | Дополнение | Филиал ФГУП <НПО <Микроген> МЗ РФ <Пермское НПО <Биомед> | ||
| 4 | Код отношения | 070 | ||
| 700 | 1_ | a | Другие авторы | Перевозчикова Е. Н. |
| u | Дополнение | Филиал ФГУП <НПО <Микроген> МЗ РФ <Пермское НПО <Биомед> | ||
| 4 | Код отношения | 070 | ||
| 700 | 1_ | a | Другие авторы | Пестерева С. А. |
| u | Дополнение | Филиал ФГУП <НПО <Микроген> МЗ РФ <Пермское НПО <Биомед> | ||
| 4 | Код отношения | 070 | ||
| 773 | x | ISSN | 0132-3423 | |
| t | Название источника | Биоорганическая химия | ||
| d | Место и дата издания | 2010 | ||
| g | Прочая информация | Т. 36, N 4. - С. 556-562 | ||
| 801 | _0 | a | RU | |
| b | 36713090 | |||
| c | 20110321 | |||
| g | RCR | |||
| 801 | _1 | a | RU | |
| b | 36713090 | |||
| c | 20110321 | |||
| 801 | _2 | a | RU | |
| b | AR-MARS | |||
| c | 20110321 | |||
| g | RCR | |||
| 801 | _3 | a | RU | |
| b | AR-MARS | |||
| c | 20110321 | |||
| 901 | t | Тип документа | b | |
| 903 | a | code | ||
| b | bioc | |||
| d | 12165 | |||
| 903 | a | year | ||
| b | 2010 | |||
| 903 | a | to | ||
| b | 36 | |||
| 903 | a | no | ||
| b | 4 | |||
| 903 | a | ss | ||
| b | 556 | |||
| 903 | a | ad | ||
| b | 1 |